Вып. 4; Адаптивные системы автоматического управления

التفاصيل البيبلوغرافية
Parent link:Адаптивные системы автоматического управления: республиканский межведомственный научно-технический сборник/ Киевский политехнический институт (КПИ). Вып. 4.— , 1973-1992
اللغة:الروسية
منشور في: 1976
الموضوعات:
التنسيق: MixedMaterials كتاب
KOHA link:https://koha.lib.tpu.ru/cgi-bin/koha/opac-detail.pl?biblionumber=81281

MARC

LEADER 00000nam2a2200000 4500
001 81281
005 20231101213148.0
035 |a (RuTPU)RU\TPU\book\87381 
035 |a BOOK00029212 
035 |a RU\TPU\book\29137 
090 |a 81281 
100 |a 20011209d1976 k y0rusy50 ca 
101 0 |a rus 
102 |a UA 
105 |a y z 001zy 
200 0 |a Вып. 4 
210 |d 1976 
215 |a 126 с. 
320 |a Библиогр. в конце ст. 
461 1 |0 (RuTPU)RU\TPU\book\284295  |t Адаптивные системы автоматического управления  |o республиканский межведомственный научно-технический сборник  |f Киевский политехнический институт (КПИ)  |v Вып. 4  |d 1973-1992 
606 1 |a Адаптивные системы  |2 stltpush  |3 (RuTPU)RU\TPU\subj\1514  |9 30286 
610 1 |a автоматическое управление 
610 1 |a линейные системы 
610 1 |a распределенные системы 
610 1 |a алгоритмы управления 
610 1 |a непрерывно-дискретные системы 
610 1 |a стохастические объекты 
675 |a 681.513.6  |v 3 
801 0 |a RU  |b RuMRKP  |c 19950704  |g psbo 
801 1 |a RU  |b 63413507  |c 20050919  |g PSBO 
801 2 |a RU  |b 63413507  |c 20210415  |g PSBO 
942 |c BK